MCTS self-paced training kit (Exam 70-511) : (Record no. 54310)

MARC details
000 -LEADER
fixed length control field 01114nam a22002777a 4500
005 - DATE AND TIME OF LATEST TRANSACTION
control field 20110725135914.0
008 - FIXED-LENGTH DATA ELEMENTS--GENERAL INFORMATION
fixed length control field 110725t xxu||||| |||| 00| 0 eng d
010 ## - LCCN (DPL NO)
LC control number ENG-103119
020 ## - INTERNATIONAL STANDARD BOOK NUMBER
International Standard Book Number 9788120343320
Terms of availability 595.00
035 ## - SYSTEM CONTROL NUMBER
System control number EN-86652
037 ## - SOURCE OF ACQUISITION
Source of stock number/acquisition DBAD / PUB
040 ## - CATALOGING SOURCE
Original cataloging agency dpl
Language of cataloging English
082 ## - DEWEY DECIMAL CLASSIFICATION NUMBER
Classification number 006.7882
100 ## - MAIN ENTRY--PERSONAL NAME
9 (RLIN) 29868
Personal name Stoecker, Matthew A.
245 ## - TITLE STATEMENT
Title MCTS self-paced training kit (Exam 70-511) :
Statement of responsibility, etc by Matthew A. Stoecker
Remainder of title Windows applications development with Microsoft . NET framework 4 /
260 ## - PUBLICATION, DISTRIBUTION, ETC. (IMPRINT)
Place of publication, distribution, etc New Delhi
Name of publisher, distributor, etc PHI Learning
Date of publication, distribution, etc 2011
270 ## - ADDRESS
Address M-97, Connaught Circus
City New Delhi
Postal code 110001
300 ## - PHYSICAL DESCRIPTION
Extent xix,633p. :
Dimensions 24cm (pbk)
Other physical details ill.
500 ## - GENERAL NOTE
General note Includes index
650 ## - SUBJECT ADDED ENTRY--TOPICAL TERM
9 (RLIN) 29869
Topical term or geographic name as entry element Application software
General subdivision Development
-- Examinations
Form subdivision Study guides.
650 ## - SUBJECT ADDED ENTRY--TOPICAL TERM
Topical term or geographic name as entry element Microsoft .NET Framework
General subdivision Examinations
9 (RLIN) 30020
Form subdivision Study guides.
651 ## - SUBJECT ADDED ENTRY--GEOGRAPHIC NAME
9 (RLIN) 1549
700 ## - ADDED ENTRY--PERSONAL NAME
9 (RLIN) 29871
942 ## - ADDED ENTRY ELEMENTS (KOHA)
Source of classification or shelving scheme Dewey Decimal Classification
Item type English Books
Classification part 006.7882
Call number suffix STO
Holdings
Withdrawn status Lost status Source of classification or shelving scheme Damaged status Not for loan Collection code Home library Current library Date acquired Source of acquisition Cost, normal purchase price Total Checkouts Full call number Barcode Date last seen Copy number Cost, replacement price Koha item type
    Dewey Decimal Classification   Not For Loan Non-fiction D.B.Act.Division D.B.Act.Division 25/07/2011 DBAD/PUB 595.00   006.7882 STO EN-86652 25/07/2011 1 595.00 English Books

© Delhi Public Library
Hit Counter
free hit counter